000
00315nam a2200145Ia 4500
100
_a
Shanley/Tom
942
_c
BK
654
_a
computer
245
_a
Protected Mode Software Architecture
260
_b
Addison Wesly
_a
Mumbai
_c
1996
082
_a
4.62
_b
SHA
300
_a
309
546
_a
ENGLISH
999
_c
24849
_d
24849